00565 2200205 4500001002100000005001500021035002000036245005900056100001900115250001200134300003200146856002200178856001500200700003000215260004700245082001000292084001600302020002200318600001900340INLIS00000000000021820200121020653 a0010-01200002181 aAlhamdulillah Nikmat Iman dari Allah /cIrma Hikmyanti0 aIrma Hikmyanti aPertama a71 :bIlustrasi ;c24x 5 cm aPerpustakaan Umum aLantai dua0 aPenyunting Aminah Mustari aJakarta Timur :bPustaka Al-Kautsar,c2016 a297.4 a297.4 IRM a a978-602-1694-40-4 4aIrma Hikmyanti